C4(圏央道)のIC - Statistics

General Stats
  • This quiz has been taken 272 times
    115 since last reset
  • The average score is 35 of 60
Answer Stats
圏央道 % Correct
JCT 八王子
93%
JCT 海老名
87%
IC 海老名
87%
PA/SIC 厚木
83%
JCT 鶴ヶ島
83%
JCT 茅ヶ崎
78%
IC あきる野
77%
JCT 久喜白岡
77%
IC 高尾山
76%
JCT つくば
75%
IC 青梅
73%
PA 狭山
72%
IC 入間
70%
IC 圏央厚木
69%
IC 相模原
69%
IC 坂戸
66%
IC 桶川北本
66%
IC 八王子西
65%
IC 日の出
65%
JCT 海老名南
63%
IC 圏央鶴ヶ島
63%
IC 五霞
61%
JCT 大栄
61%
JCT 木更津
61%
IC 川島
60%
IC 坂東
60%
PA 坂東
60%
IC 常総
60%
IC 狭山日高
59%
IC 藤沢
58%
IC 寒川南
55%
IC 寒川北
55%
IC 相模原愛川
55%
PA 菖蒲
55%
IC つくば中央
55%
JCT 東金
55%
IC 東金
55%
IC 幸手
54%
IC 稲敷
53%
IC 白岡菖蒲
52%
IC 桶川加納
51%
IC つくば牛久
51%
IC 阿見東
51%
PA 江戸崎
51%
IC 牛久阿見
48%
SIC つくば西
47%
IC 木更津東
46%
SIC 大網白里
45%
IC 茅ヶ崎中央
43%
IC 境古河
43%
IC 神崎
43%
IC 松尾横芝
42%
IC 茂原長南
41%
PA 高滝湖
40%
IC 稲敷東
39%
IC 茂原北
37%
IC 下総
36%
IC 山武成東
36%
SIC 茂原長柄
35%
IC 市原鶴舞
34%
No matching quizzes found
Score Distribution
Percent of People with Each Score
Percentile by Number Answered
Your Score History
You have not taken this quiz since the last reset